000 00620nam a2200229Ia 4500
003 GCL
008 140319s9999 xx 000 0 eng d
040 _aGCL /
_cGCL
082 0 4 _aCC
_b551.220956
_bA S
100 1 _aAMBRASEYS, N.N.
245 1 0 _aTHE SEISMICITY OF EGYPT ARABIA AND THE RED SEA /
_cAMBRASEYS, N.N.
700 1 _aMELNILLE, C.P.
700 1 _aADAMS, R.D.
260 _a[S.N] :
_bCAMLRIDGE UNIVERSITY PRESS ،
_c1995
300 _a181 P
650 0 4 _aEARTHQUAKES
650 0 4 _aHISTORY
650 0 4 _aCHRONOLOGY
650 0 4 _aEARTHQUAKES - HISTORY
650 0 4 _aEGYPT - HISTORY
942 _2ddc
_cBK
999 _c25147
_d25147